Traduction de Verbe en Anglais Aléatoire (EN > FR) - Statistiques

Statistiques générales
  • Ce quiz a été pris 1 024 fois
  • Le résultat moyen est 26 sur 30
Statistiques - réponses
Anglais French % Correct
change changer
99%
say dire
99%
sleep dormir
99%
write écrire
99%
go aller
98%
drink boire
98%
play jouer
98%
eat manger
98%
speak / talk parler
98%
fly voler
98%
have avoir
97%
understand comprendre
97%
cut couper
97%
be être
97%
come venir
97%
help aider
96%
know connaître / savoir
96%
make faire
96%
win gagner
96%
open ouvrir
96%
talk parler
96%
work travailler
96%
live vivre
96%
wait attendre
95%
start commencer
95%
drive conduire
95%
run courir
95%
decide decider
95%
study étudier
95%
do faire
95%
think penser
95%
look regarder
95%
watch regarder
95%
follow suivre
95%
want vouloir
95%
buy acheter
94%
stop arrêter
94%
move bouger
94%
build construire
94%
close fermer
94%
read lire
94%
walk marcher
94%
pay payer
94%
lose perdre
94%
can pouvoir
94%
take prendre
94%
answer répondre
94%
come back revenir
94%
use utiliser
94%
call appeler
93%
send envoyer
93%
try essayer
93%
explain expliquer
93%
finish finir
93%
show montrer
93%
promise promettre
93%
turn tourner
93%
travel voyager
93%
become devenir
92%
give donner
92%
forget oublier
92%
pass passer
92%
sell vendre
92%
see voir
92%
learn apprendre
91%
hear entendre
91%
stay rester
91%
dream rêver
91%
go out sortir
91%
choose choisir
90%
hear entendre
90%
enter entrer
90%
meet rencontrer
90%
arrive arriver
89%
search chercher
89%
believe croire
89%
ask demander
89%
tell dire / raconter
89%
fall tomber
89%
break casser
88%
find trouver
88%
leave laisser / partir / quitter
87%
put mettre
87%
begin commencer
85%
teach enseigner
85%
smell sentir
84%
re-take reprendre
83%
wake up se réveiller
82%
spend dépenser
76%
feel ressentir
74%
hold tenir
72%
bring apporter
67%
worry s'inquiéter
64%
give back rendre
62%
carry porter
60%
seem sembler
58%
fill remplir
56%
sit s'asseoir
54%
borrow emprunter
51%
mean signifier
49%
allow permettre
43%
owe devoir
37%
appear paraître
20%
must falloir
10%
Aucun quiz correspondant
Distribution des résultats
% des personnes avec chaque résultat
Percentile par nombre de réponses
Votre historique - résultats
Vous n’avez pas pris ce quiz